Nature, âge et influence du prétendu granite tertiaire de l'ile d'Elbe / (Record no. 48482)

MARC details
000 -LEADER
campo de control de longitud fija 00480nam a22001575i 4500
001 - NÚMERO DE CONTROL
campo de control 48482
003 - IDENTIFICADOR DE NÚMERO DE CONTROL
campo de control ES-MaACL
007 - CAMPO FIJO DE DESCRIPCIÓN FÍSICA--INFORMACIÓN GENERAL
campo de control de longitud fija t|
008 - DATOS DE LONGITUD FIJA--INFORMACIÓN GENERAL
campo de control de longitud fija 950721s1868 fr ||||1| fre d
040 ## - FUENTE DE CATALOGACIÓN
Centro catalogador/agencia de origen CAM
Lengua de catalogación spa
Centro/agencia transcriptor CAM
100 1# - ENTRADA PRINCIPAL--NOMBRE DE PERSONA
Nombre de persona Delanoüe, J.
9 (RLIN) 43314
245 10 - MENCIÓN DEL TÍTULO
Título Nature, âge et influence du prétendu granite tertiaire de l'ile d'Elbe /
Mención de responsabilidad, etc. par J. Delanoüe.
260 ## - PUBLICACIÓN, DISTRIBUCIÓN, ETC.
Lugar de publicación, distribución, etc. [S.l.,
Fecha de publicación, distribución, etc. s.n.
-- s.a.] (
Lugar de fabricación/manufactura Paris :
Fabricante Edouard Blot)
300 ## - DESCRIPCIÓN FÍSICA
Extensión p. 834-837 ;
Dimensiones 22 cm.
852 ## - LOCALIZACIÓN
Ubicación ES-MaACL
Número de control de estantería T-908-F-2
Holdings
Estatus retirado Estado de pérdida Estado de daño No para préstamo Colección Biblioteca de origen Biblioteca actual Ubicación en estantería Fecha de adquisición Fuente de adquisición Total de préstamos Signatura topográfica completa Código de barras Visto por última vez Precio de reemplazo Tipo de ítem Koha
        Colección de folletos Biblioteca del Ateneo de Madrid Biblioteca del Ateneo de Madrid Depósito folletos 17/01/2008     T-908-F-2 1051020 23/02/2023 23/02/2023 Folleto